| 000 | 00964nam a2200289 a 4500 | ||
|---|---|---|---|
| 001 | |||
| 003 | DO-SdBNP | ||
| 005 | 20240417134452.0 | ||
| 008 | 140320s2000 mx a 001 0 spa d | ||
| 020 | _a9681656857 | ||
| 040 |
_aBPMSU _bspa _cBPMSU |
||
| 082 |
_a282.72 _bA527i 2000 _222 |
||
| 100 | 1 | _a Ampudia, Ricardo. | |
| 245 | 1 | 3 |
_aLa iglesia de Roma : _bestructura y presencia en México / _cRicardo Ampudia. |
| 260 |
_aMéxico : _bFondo de Cultura Económica, _c2000 |
||
| 300 |
_a397 p. ; _c23 cm. _b |
||
| 490 | 0 |
_aSección de obras de historia; _aLa iglesia de Roma |
|
| 504 | _a | ||
| 504 | _a | ||
| 590 | _aInventariado, 2024/VM | ||
| 650 | 4 |
_aIglesia católica _zRoma _xHistoria _y |
|
| 650 | 4 |
_a Iglesia Católica _xHistoria _zMéxico. |
|
| 650 | 4 |
_aIglesia y Estado _xHistoria _zMéxico. |
|
| 710 | 2 | _aFundación Global Democracía y Desarrollo (República Dominicana) | |
| 910 | _aVMateo V. Control de calidad. BPMSU | ||
| 942 |
_2ddc _cBK |
||
| 999 |
_c14631 _d14631 |
||